Statistics for Forever & Always lyrics

Click here to take the quiz!

General Stats

  • This quiz has been taken 89 times
  • The average score is 387 of 407

Answer Stats

Lyrics% Correct
a
100%
always"
100%
always,"
100%
And
100%
and
100%
'Cause
100%
'cause
100%
for
100%
"Forever
100%
I
100%
said,
100%
the
100%
there
100%
was
100%
Was
100%
when
100%
You
100%
you
100%
your
100%
you're
100%
Did
98%
everything
98%
everything?
98%
Everything
98%
gone
98%
he
98%
in
98%
is
98%
It
98%
it
98%
me
98%
me,
98%
up
98%
up,
98%
Where
98%
wrong
98%
Baby,
96%
baby,
96%
back
96%
Back
96%
don't
96%
here
96%
loved
96%
so
96%
So
96%
then
96%
to
96%
we
96%
We
96%
all
94%
bedroom
94%
didn't
94%
down
94%
just
94%
not
94%
out
94%
rains
94%
this
94%
Were
94%
eye
92%
feel
92%
flash
92%
hold
92%
looked
92%
nothing
92%
of
92%
Oh,
92%
seems
92%
still
92%
told
92%
too
92%
Tuesday
92%
believe
90%
called
90%
caught
90%
forget
90%
hasn't
90%
kidding?
90%
mean
90%
night,
90%
say
90%
something
90%
stare
90%
sure
90%
yeah
90%
anymore
88%
at
88%
can't
88%
door
88%
I'm
88%
knew
88%
like
88%
line?
88%
now
88%
Once
88%
one
88%
phone,
88%
second
88%
tell
88%
that
88%
think
88%
time,
88%
upon
88%
what
88%
boy
85%
but
85%
eyes
85%
halfway
85%
happened?
85%
here's
85%
Here's
85%
honest,
85%
into
85%
onto
85%
Please
85%
scared
85%
way
85%
welcome
85%
almost
83%
breaking
83%
going?
83%
little
83%
never
83%
perfect,
83%
run
83%
speak
83%
thing
83%
hide
81%
made
81%
minute,
81%
silence,
81%
coming
79%
low
79%
low,
79%
Thought
79%
core
73%
cuts
73%

Score Distribution

Percentile by Number Answered

Percent of People with Each Score

Your Score History

You have not taken this quiz